01628nam a22002417a 450000500170000000800410001702000180005804000070007604100080008308200180009110000250010924500120013426000380014630000220018436500620020644000290026852008160029765000280111365000260114194200120116799900190117995201880119820251104162810.0251104b |||||||| |||| 00| 0 eng d a9781398539532 cAL aeng a823.914bASHW aLauren Asher9243891 aWrecked aLondonbSimona and Schusterc2024 a407pbPBc20x13cm 2Englisha4241b₹399.20c₹d₹499.00e20%f25-10-2025 aDirty air series9243892 aJax Pills. Alcohol. Adrenaline. I'm addicted to destructive decisions that numb my pain. Until one night when I make a catastrophic mistake. To repair my broken reputation, my team hires Elena-- An overpaid babysitter set on ruining my plans. She's my damnation disguised as my salvation. And my newest addiction. Elena I begged the universe to save me from my financial disaster. It answered my call with a Formula 1 team desperate for a PR miracle. One season. One job. One broody British racer. Except that Jax turns our hotel room into a battleground. To beat the enemy, I need to find his weaknesses. What I learn threatens to ruin everything. Him. Me. Us. Love is a warzone, and neither one of us plans to surrender. Wrecked is a steamy standalone in the Dirty Air world. Recommended for mature audiences. aEnglish Fiction9243893 aEnglish Novel9243894 2ddccBK c240666d240666 00102ddc40708ENGaALbALcSKd2025-10-30eBiblios Book Point, Surathkal, Mangalore-575014g399.20l2o823.914 ASHWp077978r2026-01-13 09:14:16s2026-01-02v499.00w2025-10-25yBK